000 00415nam a22001457a 4500
005 20250223193621.0
008 250223b |||||||| |||| 00| 0 eng d
020 _a9781416044352
050 _aRM101
_b.C87
245 _aConn's Current Therapy 2008/
_cRobert E. Rakel...et al.,
260 _aPhiladelphia
_bSaunders/Elsevier
_c2008
300 _axxxiv. 1294p.
_c28cm
700 _aRakel, Robert E.
942 _2lcc
_cBK
_n0
999 _c4236
_d4236